Bibliografía: Guatemala

Đã lưu trong:
Chi tiết về thư mục
Tác giả của công ty: ICADIS
Định dạng: Texto
Được phát hành: San José: ICADIS
Các nhãn: Thêm thẻ
Không có thẻ, Là người đầu tiên thẻ bản ghi này!

MARC

LEADER 00000 a a2200000 04500
001 23779
003
040
090 |a 168200  
110 |a ICADIS  
245 |a Bibliografía: Guatemala  
260 |a San José:   |b ICADIS  
300 |a 18 p.; 2 copias  
999 |c 4719  |d 4719